00787nam a2200217 i 450000100060000000300090000600500170001500700030003200800410003502000180007608000080009424501610010225000230026326000380028630000200032449000770034465000380042170000250045983000500048485200350053415849ES-MaACL20250819052223.0t|000508s1998 sp ||||1| spa d a84-922438-0-5 a30300aNuevos avances en la investigación social b: la investigación social de segundo orden / cintroducción y selección de textos de Jesús Ibáñez. a2ª ed. aumentada. aBarcelona : bProyecto A, c1998. a2 v. ; c24 cm.1 aCuadernos A. Biblioteca universitaria. Temas de ciencias sociales ;v8,914aCiencias sociales-xMetodología1 aIbáñez, Jesús.00aCuadernos A. pBiblioteca universitaria v8,9 aES-MaACLjL-23100-1 bR.127060